| 000 | 00559nam a2200205 i 4500 | ||
|---|---|---|---|
| 001 | bg | ||
| 100 | 1 | _aSENCZYK, Dominik | |
| 245 | 1 | 0 |
_aPodstawy teorii pomiarów / _cDominik Senczyk. |
| 260 |
_aPoznań : _bWydaw. Politechniki Poznańskiej, _c2003. |
||
| 300 |
_a108 s. : _btab., wykr. ; _c24 cm. |
||
| 650 | 9 |
_aPomiary _xteoria |
|
| 655 | _aPodręczniki akademickie | ||
| 020 | _a8371435193 | ||
| 040 | _cBPK | ||
| 041 | 0 | _apol | |
| 080 | _a53.08:519.2](075.8) | ||
| 920 | _a83-7143-519-3 | ||
| 942 | _cKS | ||
| 008 | s pl f |000 0 pol | ||
| 999 |
_c44542 _d44542 |
||
| 856 |
_uhttp://koha.tu.koszalin.pl/cgi-bin/koha/opac-detail.pl?biblionumber=44542 _yKatalog online BPK |
||